| 000 | 00569nam a22002177a 4500 | ||
|---|---|---|---|
| 003 | BD-DhUIB | ||
| 005 | 20251130183840.0 | ||
| 008 | 251130b |||||||| |||| 00| 0 eng d | ||
| 020 | _a9781292400648 | ||
| 040 |
_aBD-DhUIB _cBD-DhUIB |
||
| 050 | _a658.15 | ||
| 082 | _222 | ||
| 100 |
_aZutter, Chad J. _91099 |
||
| 245 |
_aPrinciples of managerial finance/ _cby Chad J. Zutter. |
||
| 250 | _a16th ed. | ||
| 260 |
_aUnited Kingdom. _bPearson. _cc2022. |
||
| 300 |
_a931p. : _billus. ; _c25cm. |
||
| 526 | _aBBA. | ||
| 650 |
_aScott B. Smart. _91100 |
||
| 942 |
_2ddc _cBK |
||
| 999 |
_c681 _d681 |
||